[Event "174th open MGU"]
[Site "Sofia"]
[Date "2016.11.05"]
[Round "1.1"]
[White "Angelov, Georgi"]
[Black "Bozilov, Dragan"]
[Result "0-1"]
[WhiteElo "1725"]
[BlackElo "2084"]
[PlyCount "104"]
[EventDate "2016.11.05"]
[EventType "swiss"]
[EventRounds "6"]
[EventCountry "BUL"]

1. d4 Nf6 2. c4 e6 3. Nc3 d5 4. Bg5 c6 5. e3 Nbd7 6. Nf3 Be7 7. Bd3 O-O 8. O-O
dxc4 9. Bxc4 b5 10. Bd3 Bb7 11. Rc1 a6 12. Ne4 h6 13. Bh4 Nxe4 14. Bxe7 Nxf2
15. Bxd8 Nxd1 16. Rfxd1 Rfxd8 17. Be4 Rac8 18. Ne5 Nxe5 19. dxe5 Kf8 20. Rd6
Rxd6 21. exd6 Ke8 22. Bf3 Kd7 23. Rd1 f5 24. Kf2 e5 25. g4 e4 26. Be2 Rf8 27.
Kg3 Rf6 28. Kf4 fxg4+ 29. Kxg4 Rf2 30. Bf1 Rf3 31. Bh3 g5 32. Bg2 Rxe3 33. Kf5
c5 34. Ke5 g4 35. Rf1 Rf3 36. Bxf3 gxf3 37. Kf4 Kxd6 38. Rd1+ Bd5 39. a3 Ke6
40. Ke3 Bc4 41. Rd8 Kf5 42. Rf8+ Ke5 43. Rh8 b4 44. axb4 cxb4 45. Rxh6 Kf5 46.
Rb6 Bb5 47. Rd6 Kg4 48. Rf6 Bd3 49. Rb6 a5 50. Rd6 Kh3 51. b3 Kxh2 52. Rxd3
exd3 0-1

[Event "174th open MGU"]
[Site "Sofia"]
[Date "2016.11.05"]
[Round "1.2"]
[White "Metev, Martin"]
[Black "Kostov, Nikolay"]
[Result "1-0"]
[WhiteElo "2060"]
[BlackElo "1705"]
[PlyCount "67"]
[EventDate "2016.11.05"]
[EventType "swiss"]
[EventRounds "6"]
[EventCountry "BUL"]

1. e4 e5 2. Nf3 Nc6 3. Bb5 Nf6 4. O-O Nxe4 5. Re1 Nd6 6. Nxe5 Nxe5 7. Rxe5+ Be7
8. Bf1 O-O 9. d4 Bf6 10. Re1 Nf5 11. c3 d5 12. Bf4 c6 13. Nd2 Re8 14. Nf3 Be6
15. h3 Nh4 16. Ne5 Ng6 17. Bh2 Bxe5 18. dxe5 Qb6 19. Qe2 c5 20. Kh1 c4 21. Rad1
Rad8 22. Rd4 Qc7 23. f4 Nh4 24. Rdd1 h5 25. Qf2 Qe7 26. g3 Nf5 27. Bg2 g6 28.
Qxa7 Ra8 29. Qf2 Rxa2 30. Bxd5 Qc7 31. Bf3 Bd7 32. g4 hxg4 33. hxg4 Ng7 34. e6
1-0

[Event "174th open MGU"]
[Site "Sofia"]
[Date "2016.11.05"]
[Round "1.3"]
[White "Georgiev, Nikolay Zh"]
[Black "Vladov, Lyubomir"]
[Result "1-0"]
[WhiteElo "1612"]
[BlackElo "2031"]
[PlyCount "95"]
[EventDate "2016.11.05"]
[EventType "swiss"]
[EventRounds "6"]
[EventCountry "BUL"]

1. e4 c5 2. f4 Nc6 3. Nf3 d6 4. Bb5 Bd7 5. O-O g6 6. d4 Bg7 7. d5 Nd4 8. Bxd7+
Qxd7 9. Nbd2 e6 10. c3 Nxf3+ 11. Nxf3 Ne7 12. dxe6 fxe6 13. Be3 Qc6 14. Qd3 d5
15. exd5 exd5 16. Ne5 Bxe5 17. fxe5 O-O-O 18. Rf6 Qc7 19. Rf7 Qxe5 20. Bxc5 Nc6
21. Qb5 Qb8 22. Raf1 Ne5 23. Re7 Nc6 24. Rg7 Rhg8 25. Rxh7 Rh8 26. Rff7 Rxh7
27. Rxh7 Rd7 28. Rh8+ Nd8 29. Bd4 Qf4 30. Qf1 Qxf1+ 31. Kxf1 b6 32. Bf6 Rf7 33.
Rxd8+ Kc7 34. Rxd5 Rxf6+ 35. Ke2 Kc6 36. Rd3 a5 37. Rf3 Rd6 38. h4 a4 39. g4 b5
40. h5 gxh5 41. gxh5 Kc5 42. Rh3 Rh6 43. Kd3 Kd5 44. b3 axb3 45. axb3 Ke5 46.
Rh4 Rd6+ 47. Kc2 Rh6 48. Rb4 1-0

[Event "174th open MGU"]
[Site "Sofia"]
[Date "2016.11.05"]
[Round "1.4"]
[White "Andreev, Dobrotich"]
[Black "Mladenov, Andrey"]
[Result "1-0"]
[WhiteElo "1975"]
[BlackElo "1603"]
[PlyCount "49"]
[EventDate "2016.11.05"]
[EventType "swiss"]
[EventRounds "6"]
[EventCountry "BUL"]

1. e4 c5 2. Nf3 Nc6 3. d4 cxd4 4. Nxd4 Nf6 5. Nc3 e5 6. Nxc6 bxc6 7. Bc4 Bb4 8.
Bd2 O-O 9. O-O d6 10. Qe2 Qc7 11. a3 Ba5 12. b4 Bb6 13. Na4 Bg4 14. Qd3 Be6 15.
Nxb6 axb6 16. Bxe6 fxe6 17. c4 Rad8 18. Qc2 Qf7 19. Be3 Rb8 20. f3 d5 21. cxd5
cxd5 22. Qc6 d4 23. Bd2 Rfc8 24. Qb5 Rc2 25. Qxe5 1-0

[Event "174th open MGU"]
[Site "Sofia"]
[Date "2016.11.05"]
[Round "1.5"]
[White "Sapareva, Magdalena"]
[Black "Razmirov, Stanislav"]
[Result "1-0"]
[WhiteElo "1514"]
[BlackElo "1753"]
[PlyCount "91"]
[EventDate "2016.11.05"]
[EventType "swiss"]
[EventRounds "6"]
[EventCountry "BUL"]

1. b4 e5 2. Bb2 d6 3. a3 Nf6 4. d3 a5 5. b5 c6 6. a4 Be6 7. e4 Nbd7 8. Nf3 Qb6
9. c4 Be7 10. Be2 h6 11. O-O g5 12. Bc1 c5 13. Nc3 Nf8 14. Nd5 Bxd5 15. exd5
Qc7 16. Nd2 b6 17. Ne4 N8d7 18. Bg4 O-O-O 19. Bf5 Rdg8 20. Nxf6 Bxf6 21. Qf3
Kb7 22. Bxd7 Qxd7 23. Qxf6 Rg6 24. Qf3 g4 25. Qe2 f5 26. Bd2 h5 27. Qe1 f4 28.
Bxa5 bxa5 29. Qxa5 Ra8 30. Qd2 g3 31. fxg3 fxg3 32. h3 Qg7 33. a5 Rf8 34. a6+
Ka8 35. Qa5 Rgf6 36. Qd2 e4 37. Rfe1 Rf2 38. Qe3 h4 39. b6 Qb2 40. b7+ Ka7 41.
Qxe4 Rxg2+ 42. Qxg2 Rf2 43. b8=Q+ Kxb8 44. a7+ Kc7 45. Re7+ Kb6 46. a8=N# 1-0

[Event "174th open MGU"]
[Site "Sofia"]
[Date "2016.11.05"]
[Round "1.6"]
[White "Mihalev, Daniil"]
[Black "Kononenko, Vladimir"]
[Result "1-0"]
[WhiteElo "1748"]
[BlackElo "1432"]
[PlyCount "59"]
[EventDate "2016.11.05"]
[EventType "swiss"]
[EventRounds "6"]
[EventCountry "BUL"]

1. d4 d5 2. Nf3 Nf6 3. e3 a6 4. Bd3 Bg4 5. Nbd2 Nc6 6. a3 e6 7. b3 e5 8. dxe5
Nxe5 9. Bb2 Nxf3+ 10. gxf3 Bh3 11. Qe2 Qd6 12. O-O-O O-O-O 13. e4 Re8 14. Kb1
dxe4 15. fxe4 Bg2 16. Rhg1 Qxh2 17. f3 Bc5 18. Rxg2 Qf4 19. Rxg7 Rhg8 20. Rxf7
Ref8 21. Rxf8+ Rxf8 22. b4 Qe3 23. bxc5 Qxc5 24. Nb3 Qb6 25. e5 Re8 26. Bf5+
Kb8 27. exf6 Rxe2 28. Rd8+ Ka7 29. Bd4 c5 30. Bxc5 1-0

[Event "174th open MGU"]
[Site "Sofia"]
[Date "2016.11.05"]
[Round "2.1"]
[White "Bozilov, Dragan"]
[Black "Mihalev, Daniil"]
[Result "0-1"]
[WhiteElo "2084"]
[BlackElo "1748"]
[PlyCount "108"]
[EventDate "2016.11.05"]
[EventType "swiss"]
[EventRounds "6"]
[EventCountry "BUL"]

1. e4 e6 2. c4 c5 3. Nc3 b6 4. g3 Bb7 5. Bg2 Nf6 6. Nge2 d6 7. O-O Nbd7 8. d4
cxd4 9. Nxd4 a6 10. b3 Qc7 11. Bb2 Be7 12. Rc1 O-O 13. Qe2 Rfd8 14. Kh1 Nf8 15.
f4 Rac8 16. Na4 N6d7 17. Qg4 Bf6 18. Ba1 b5 19. e5 dxe5 20. fxe5 Bxg2+ 21. Kxg2
Nxe5 22. Qe2 bxa4 23. c5 Neg6 24. Rc4 axb3 25. axb3 e5 26. Nf5 Qb7+ 27. Kh3 Ne6
28. Qc2 Ng5+ 29. Kg4 Qd7 30. h4 Ne6 31. c6 Qd3 32. Qxd3 Rxd3 33. b4 Ne7 34.
Bxe5 Nxf5 35. Rxf5 Bxe5 36. Rxe5 Rd4+ 37. Rxd4 Nxd4 38. c7 Nb5 39. Kf5 f6 40.
Rd5 Rxc7 41. Ke6 Rc8 42. Kd7 Rc7+ 43. Ke6 h6 44. g4 Rc4 45. Kf5 Kh7 46. g5 fxg5
47. hxg5 hxg5 48. Rd1 Rxb4 49. Rh1+ Rh4 50. Ra1 Kh6 51. Rxa6+ Kh5 52. Ra8 Rf4+
53. Ke5 Rf7 54. Ke6 Nc7+ 0-1

[Event "174th open MGU"]
[Site "Sofia"]
[Date "2016.11.05"]
[Round "2.3"]
[White "Georgiev, Nikolay Zh."]
[Black "Andreev, Dobrotich"]
[Result "0-1"]
[WhiteElo "1612"]
[BlackElo "1975"]
[PlyCount "112"]
[EventDate "2016.11.05"]
[EventType "swiss"]
[EventRounds "6"]
[EventCountry "BUL"]

1. e4 c6 2. f4 d5 3. e5 Bf5 4. d3 e6 5. Nf3 c5 6. h3 h5 7. g3 Nc6 8. Bg2 Nge7
9. O-O Nd4 10. Nh4 Ng6 11. Nxf5 Nxf5 12. Kh2 Qc7 13. c3 O-O-O 14. Qa4 Kb8 15.
Na3 Qc6 16. Qxc6 bxc6 17. Nc2 Kc7 18. Ne3 Nge7 19. Bd2 Nxe3 20. Bxe3 Nf5 21.
Bf2 Be7 22. h4 Nh6 23. Bf3 Ng4+ 24. Bxg4 hxg4 25. Kg2 Rb8 26. b3 a6 27. c4 Rhd8
28. Rfd1 Rd7 29. Kf1 g6 30. Ke2 a5 31. Rab1 dxc4 32. dxc4 Rxd1 33. Rxd1 a4 34.
Rd3 Ra8 35. Rd2 axb3 36. axb3 Ra1 37. Kd3 Rh1 38. Ra2 Kb7 39. Ra5 Rb1 40. Kc3
Rh1 41. Kd2 Rh2 42. Ke2 Bxh4 43. Kf1 Be7 44. Bxc5 Bxc5 45. Rxc5 Rb2 46. Ra5
Rxb3 47. Kf2 Rb4 48. c5 Rb5 49. Rxb5+ cxb5 50. Ke3 Kc6 51. Kd4 g5 52. fxg5 b4
53. Kc4 b3 54. Kxb3 Kxc5 55. Kc3 Kd5 56. Kd3 Kxe5 0-1

[Event "174th open MGU"]
[Site "Sofia"]
[Date "2016.11.05"]
[Round "2.7"]
[White "Mladenov, Andrey"]
[Black "Angelov, Georgi"]
[Result "1-0"]
[WhiteElo "1603"]
[BlackElo "1725"]
[PlyCount "53"]
[EventDate "2016.11.05"]
[EventType "swiss"]
[EventRounds "6"]
[EventCountry "BUL"]

1. e4 c5 2. Nf3 d6 3. d4 cxd4 4. Nxd4 Nf6 5. Nc3 g6 6. f3 Bg7 7. Be3 Nc6 8. Qd2
O-O 9. O-O-O a6 10. h4 Bd7 11. g4 Rc8 12. h5 Nxg4 13. fxg4 Bxg4 14. Be2 Ne5 15.
hxg6 fxg6 16. Bh6 Bxh6 17. Qxh6 Rf7 18. Bxg4 Nxg4 19. Qg5 Nf2 20. Nf5 Nxh1 21.
Rxh1 Rf6 22. Nd5 Rc5 23. Nfxe7+ Kf7 24. Qxf6+ Ke8 25. Rxh7 Kd7 26. Nc6+ Kxc6
27. Qxd8 1-0

[Event "174th open MGU"]
[Site "Sofia"]
[Date "2016.11.05"]
[Round "3.2"]
[White "Mihalev, Daniil"]
[Black "Sapareva, Magdalena"]
[Result "1-0"]
[WhiteElo "1748"]
[BlackElo "1514"]
[PlyCount "111"]
[EventDate "2016.11.05"]
[EventType "swiss"]
[EventRounds "6"]
[EventCountry "BUL"]

1. d4 d5 2. Nf3 c5 3. c3 e6 4. Bf4 Nf6 5. e3 c4 6. Nbd2 Be7 7. b3 b5 8. a4 Bd7
9. axb5 Bxb5 10. bxc4 Bc6 11. c5 Nbd7 12. Bd3 Ne4 13. Qc2 f5 14. Ne5 Nxe5 15.
Bxe5 O-O 16. Nf3 Bf6 17. Ra6 Qc8 18. Bxf6 gxf6 19. Ke2 Rf7 20. g3 Rb8 21. Rha1
Rbb7 22. h4 Qe8 23. Kf1 Rfe7 24. Nd2 Bb5 25. Nxe4 fxe4 26. Bxb5 Qxb5+ 27. Kg2
Kf7 28. R1a5 Qe8 29. Qa2 Qb8 30. Qe2 Qg8 31. Qh5+ Qg6 32. Qxg6+ hxg6 33. Ra3
Rbc7 34. f3 exf3+ 35. Kxf3 e5 36. Rd6 Rcd7 37. Raa6 Rxd6 38. Rxd6 Rc7 39. Rxd5
Ke7 40. Rd6 exd4 41. cxd4 Rd7 42. Rxd7+ Kxd7 43. Ke2 Kc6 44. Kd2 f5 45. Kc3 Kb5
46. Kb3 a5 47. Ka3 a4 48. Kb2 Kc6 49. Ka3 Kb5 50. c6 Kxc6 51. Kxa4 Kd5 52. Kb5
Kd6 53. Kc4 Kc6 54. d5+ Kd6 55. Kd4 Ke7 56. Ke5 1-0

[Event "174th open MGU"]
[Site "Sofia"]
[Date "2016.11.05"]
[Round "3.4"]
[White "Metev, Martin"]
[Black "Georgiev, Nikolay Zh."]
[Result "1-0"]
[WhiteElo "2060"]
[BlackElo "1612"]
[PlyCount "51"]
[EventDate "2016.11.05"]
[EventType "swiss"]
[EventRounds "6"]
[EventCountry "BUL"]

1. e4 e5 2. Nf3 Nc6 3. Nc3 Bc5 4. Bb5 Nd4 5. Nxd4 Bxd4 6. O-O c6 7. Bc4 b5 8.
Bb3 a5 9. a4 b4 10. Ne2 Bb6 11. d4 d6 12. dxe5 dxe5 13. c3 Ba6 14. Qxd8+ Rxd8
15. Re1 Ne7 16. cxb4 axb4 17. Ng3 Bd4 18. h3 c5 19. a5 O-O 20. Bg5 Rd7 21. Ba4
Rc7 22. Bc1 Nc6 23. Nf5 Bd3 24. Bxc6 Bxb2 25. Bxb2 g6 26. Bxe5 1-0

[Event "174th open MGU"]
[Site "Sofia"]
[Date "2016.11.05"]
[Round "3.7"]
[White "Kostov, Nikolay"]
[Black "Angelov, Georgi"]
[Result "1-0"]
[WhiteElo "1705"]
[BlackElo "1725"]
[PlyCount "74"]
[EventDate "2016.11.05"]
[EventType "swiss"]
[EventRounds "6"]
[EventCountry "BUL"]

1. d4 d5 2. e3 Nf6 3. Bd3 c6 4. f4 Bg4 5. Nf3 e6 6. O-O c5 7. c3 Nbd7 8. Qe1
Qc7 9. Ne5 Bh5 10. h3 Bg6 11. Nxg6 hxg6 12. Nd2 c4 13. Bc2 b5 14. e4 dxe4 15.
Nxe4 Nd5 16. Ng5 Be7 17. Be4 N7f6 18. Bf3 Rb8 19. Bd2 O-O 20. Qh4 Rfd8 21. Rae1
Rb6 22. Re5 Bd6 23. Re4 Nxe4 24. Qh7+ Kf8 25. Bxe4 Nf6 26. Qh8+ Ke7 27. Qxg7
Rf8 28. Bxg6 Ne8 29. Qh7 Nf6 30. Qg7 Ne8 31. Qh7 Kf6 32. Ne4+ Ke7 33. f5 Kd8
34. Nxd6 Nxd6 35. fxe6 Qe7 36. exf7 Rb7 37. Re1 Qf6 1-0

[Event "174th open MGU"]
[Site "Sofia"]
[Date "2016.11.06"]
[Round "4.2"]
[White "Bozilov, Dragan"]
[Black "Andreev, Dobrotich"]
[Result "0-1"]
[WhiteElo "2084"]
[BlackElo "1975"]
[PlyCount "66"]
[EventDate "2016.11.05"]
[EventType "swiss"]
[EventRounds "6"]
[EventCountry "BUL"]

1. g3 Nf6 2. Bg2 d5 3. d4 Bf5 4. Nf3 h6 5. Nbd2 e6 6. O-O Nbd7 7. c4 c6 8. Re1
Be7 9. b3 O-O 10. Ne5 Nxe5 11. dxe5 Ng4 12. Bb2 Qc7 13. cxd5 exd5 14. e4 Qb6
15. Re2 dxe4 16. Bxe4 Bxe4 17. Nxe4 Rad8 18. Rd2 Nxf2 19. Nxf2 Bc5 20. Kg2 Bxf2
21. Ba3 Be3 22. Rd3 Rxd3 23. Qxd3 Bd4 24. Re1 c5 25. Re4 Rd8 26. Qe2 Qc6 27.
Kh3 Qe6+ 28. Kg2 Qd5 29. Kh3 Re8 30. Qb5 Re6 31. Re2 Qf3 32. Re1 h5 33. Qd7
Qf5+ 0-1

[Event "174th open MGU"]
[Site "Sofia"]
[Date "2016.11.06"]
[Round "4.3"]
[White "Sapareva, Magdalena"]
[Black "Metev, Martin"]
[Result "0-1"]
[WhiteElo "1514"]
[BlackElo "2060"]
[PlyCount "70"]
[EventDate "2016.11.05"]
[EventType "swiss"]
[EventRounds "6"]
[EventCountry "BUL"]

1. b4 Nf6 2. Bb2 e6 3. a3 d5 4. e3 Be7 5. Nf3 O-O 6. Be2 Re8 7. O-O Nbd7 8. c4
c6 9. Ne5 Nxe5 10. Bxe5 b6 11. Bxf6 Bxf6 12. d4 dxc4 13. Bxc4 Bb7 14. Be2 c5
15. Ra2 Qd5 16. Bf3 Qxa2 17. Bxb7 Rad8 18. bxc5 bxc5 19. Be4 cxd4 20. Qh5 g6
21. Qf3 Bg7 22. exd4 Rxd4 23. Bc6 Rb8 24. Nc3 Qxa3 25. Qg3 Rc8 26. Qf3 Rc4 27.
Nb5 Qxf3 28. Bxf3 R4c5 29. Nd6 Rb8 30. g3 a5 31. Rd1 a4 32. Rd3 Rc3 33. Rxc3
Bxc3 34. Ne4 Bb2 35. Nd2 a3 0-1

[Event "174th open MGU"]
[Site "Sofia"]
[Date "2016.11.06"]
[Round "4.6"]
[White "Kostov, Nikolay"]
[Black "Mladenov, Andrey"]
[Result "1/2-1/2"]
[WhiteElo "1705"]
[BlackElo "1603"]
[PlyCount "114"]
[EventDate "2016.11.05"]
[EventType "swiss"]
[EventRounds "6"]
[EventCountry "BUL"]

1. d4 d5 2. e3 Nf6 3. Bd3 c6 4. f4 Bg4 5. Nf3 e6 6. O-O Be7 7. Qe1 Bxf3 8. Rxf3
O-O 9. Rh3 Nbd7 10. Nd2 c5 11. c3 Rc8 12. Nf3 c4 13. Bc2 b5 14. Ne5 g6 15. Qe2
a5 16. Bd2 b4 17. g4 Ne8 18. e4 Nxe5 19. fxe5 Ng7 20. exd5 exd5 21. Bh6 Bg5 22.
Bxg7 Kxg7 23. Re1 Rc6 24. Qg2 Re6 25. b3 bxc3 26. bxc4 Bd2 27. Re2 dxc4 28. d5
Rb6 29. Rxd2 cxd2 30. Qxd2 Rh8 31. e6 fxe6 32. Qh6+ Kg8 33. Bxg6 Qe7 34. Qe3
Rd6 35. Bf5 e5 36. Be6+ Rxe6 37. dxe6 Qxe6 38. Rf3 h6 39. Rf5 Qd5 40. Kf2 Qd4
41. Rxe5 Qxe3+ 42. Kxe3 Rh7 43. Rc5 Re7+ 44. Kf3 Rb7 45. Rxc4 Rb2 46. Ra4 Rxh2
47. Rxa5 Kg7 48. Ra6 Rb2 49. a4 Ra2 50. Kg3 Ra1 51. a5 Ra4 52. Kh4 Ra1 53. Ra8
Rh1+ 54. Kg3 Rg1+ 55. Kf3 Rf1+ 56. Kg2 Rf4 57. Kg3 Ra4 1/2-1/2

[Event "174th open MGU"]
[Site "Sofia"]
[Date "2016.11.06"]
[Round "5.1"]
[White "Andreev, Dobrotich"]
[Black "Mihalev, Daniil"]
[Result "1-0"]
[WhiteElo "1975"]
[BlackElo "1748"]
[PlyCount "69"]
[EventDate "2016.11.05"]
[EventType "swiss"]
[EventRounds "6"]
[EventCountry "BUL"]

1. e4 c5 2. Nf3 g6 3. d4 cxd4 4. Qxd4 Nf6 5. e5 Nc6 6. Qc3 Nd5 7. Qd2 Nb6 8.
Bd3 Bg7 9. Qe2 O-O 10. Nc3 d5 11. exd6 exd6 12. O-O Bg4 13. h3 Nd4 14. Qe4
Nxf3+ 15. gxf3 Bxh3 16. Rd1 d5 17. Qf4 Qf6 18. Qg3 Bf5 19. Bg5 Qe6 20. Re1 Qc8
21. Nb5 Bxd3 22. cxd3 Qc2 23. f4 Qxb2 24. Rab1 Rae8 25. Rxb2 Rxe1+ 26. Kg2 Bxb2
27. f5 Be5 28. f4 Bh8 29. Qxe1 Rc8 30. f6 a6 31. Nd4 h6 32. Bh4 Na4 33. Qe7 b5
34. Ne6 Nc3 35. Nd8 1-0

[Event "174th open MGU"]
[Site "Sofia"]
[Date "2016.11.06"]
[Round "5.4"]
[White "Sapareva, Magdalena"]
[Black "Bozilov, Dragan"]
[Result "0-1"]
[WhiteElo "1514"]
[BlackElo "2084"]
[PlyCount "74"]
[EventDate "2016.11.05"]
[EventType "swiss"]
[EventRounds "6"]
[EventCountry "BUL"]

1. b4 e5 2. Bb2 Bxb4 3. Bxe5 Nf6 4. a3 Be7 5. Nf3 d6 6. Bb2 O-O 7. e3 b6 8. Be2
Bb7 9. O-O Nbd7 10. d4 d5 11. Nbd2 Bd6 12. h3 Re8 13. c4 c5 14. dxc5 Bxc5 15.
Nb3 Bf8 16. Bd4 Rc8 17. Nbd2 Ne4 18. Nxe4 dxe4 19. Nd2 Nc5 20. a4 Qg5 21. Bxc5
Bxc5 22. a5 Rcd8 23. Qc2 Bxe3 24. Qa4 Bxd2 25. axb6 axb6 26. Rab1 e3 27. f3 Re6
28. Rb5 Qg3 29. Kh1 Rg6 30. Rg1 Be1 31. Rb1 Bf2 32. c5 Bxg1 33. Rxg1 bxc5 34.
Qb5 Bc8 35. Bc4 Rf8 36. Qxc5 Bxh3 37. Bf1 e2 0-1

[Event "174th open MGU"]
[Site "Sofia"]
[Date "2016.11.06"]
[Round "5.5"]
[White "Mladenov, Andrey"]
[Black "Ilichov, Ivan"]
[Result "1-0"]
[WhiteElo "1603"]
[BlackElo "1367"]
[PlyCount "55"]
[EventDate "2016.11.05"]
[EventType "swiss"]
[EventRounds "6"]
[EventCountry "BUL"]

1. e4 e5 2. Nf3 Nc6 3. d4 exd4 4. Bc4 Bc5 5. O-O d6 6. Re1 Bg4 7. h3 Bxf3 8.
Qxf3 Ne5 9. Qb3 Nxc4 10. Qxc4 Qf6 11. Qb5+ Kf8 12. Qxb7 Re8 13. Re2 Bb6 14. Nd2
Ne7 15. Nc4 Ng6 16. Nxb6 axb6 17. Qxc7 d5 18. f3 dxe4 19. fxe4 Ne5 20. Bd2 g5
21. Rf1 Qg6 22. Rf5 Re7 23. Bb4 Nc6 24. Bxe7+ Nxe7 25. Qd8+ Kg7 26. Qxe7 Qh5
27. Ref2 Rf8 28. Rxg5+ 1-0

[Event "174th open MGU"]
[Site "Sofia"]
[Date "2016.11.06"]
[Round "5.7"]
[White "Angelov, Georgi"]
[Black "Kononenko, Vladimir"]
[Result "0-1"]
[WhiteElo "1725"]
[BlackElo "1432"]
[PlyCount "67"]
[EventDate "2016.11.05"]
[EventType "swiss"]
[EventRounds "6"]
[EventCountry "BUL"]

1. d4 d5 2. c4 e6 3. Nc3 Nf6 4. Bg5 Bb4 5. e3 Bxc3+ 6. bxc3 h6 7. Bh4 g5 8. Bg3
Nc6 9. Bd3 Qe7 10. Qb3 Nh5 11. Ne2 Nxg3 12. Nxg3 Bd7 13. cxd5 Na5 14. Qb2 exd5
15. Nf5 Qf6 16. Ng3 O-O-O 17. Rc1 Rhe8 18. O-O Re6 19. c4 dxc4 20. Bxc4 Rb6 21.
Qa3 Nxc4 22. Rxc4 Bb5 23. Rfc1 Bxc4 24. Rxc4 Ra6 25. Qc3 Rc6 26. Ne4 Rxc4 27.
Qxc4 Qc6 28. Qxc6 bxc6 29. Kf1 Rd5 30. Nc5 Kd8 31. Ke2 Ke7 32. Kd3 Rf5 33. f3
h5 34. e4 0-1

[Event "174th open MGU"]
[Site "Sofia"]
[Date "2016.11.06"]
[Round "6.1"]
[White "Metev, Martin"]
[Black "Andreev, Dobrotich"]
[Result "1/2-1/2"]
[WhiteElo "2060"]
[BlackElo "1975"]
[PlyCount "29"]
[EventDate "2016.11.05"]
[EventType "swiss"]
[EventRounds "6"]
[EventCountry "BUL"]

1. e4 c6 2. d4 d5 3. Nc3 dxe4 4. Nxe4 Bf5 5. Ng3 Bg6 6. Nf3 Nd7 7. Nh4 Qc7 8.
Nxg6 hxg6 9. Bd3 e6 10. c3 Ngf6 11. Bd2 Bd6 12. Qf3 O-O 13. O-O e5 14. Rfe1
exd4 15. cxd4 1/2-1/2

[Event "174th open MGU"]
[Site "Sofia"]
[Date "2016.11.06"]
[Round "6.4"]
[White "Kononenko, Vladimir"]
[Black "Mladenov, Andrey"]
[Result "0-1"]
[WhiteElo "1432"]
[BlackElo "1603"]
[PlyCount "96"]
[EventDate "2016.11.05"]
[EventType "swiss"]
[EventRounds "6"]
[EventCountry "BUL"]

1. e4 c5 2. Nf3 Nc6 3. c3 Nf6 4. e5 Nd5 5. d4 cxd4 6. cxd4 d6 7. Bc4 e6 8. O-O
Be7 9. Qb3 Nb6 10. Bb5 Bd7 11. Nc3 O-O 12. Qc2 a6 13. Bd3 g6 14. Bh6 Re8 15.
exd6 Bxd6 16. Bg5 Be7 17. Bxe7 Qxe7 18. Qd2 Nb4 19. Be4 Bc6 20. Bxc6 Nxc6 21.
Rfe1 Rad8 22. Qf4 Nd5 23. Nxd5 Rxd5 24. Rad1 Red8 25. h3 e5 26. Qg3 Nxd4 27.
Nxd4 Rxd4 28. Rxd4 Rxd4 29. Rxe5 Qd7 30. Re1 Qd8 31. Qb3 Qd7 32. Qb6 Rd2 33.
Qf6 Rd6 34. Qh4 Rd1 35. f3 Qd2 36. Qf2 Qxe1+ 37. Qxe1 Rxe1+ 38. Kf2 Rb1 39. Ke2
Rxb2+ 40. Kf1 Rxa2 41. Ke1 Kg7 42. Kf1 b5 43. Ke1 b4 44. Kf1 b3 45. Ke1 Rxg2
46. Kf1 Rc2 47. Ke1 b2 48. Kf1 b1=Q# 0-1

[Event "174th open MGU"]
[Site "Sofia"]
[Date "2016.11.06"]
[Round "6.6"]
[White "Ilichov, Ivan"]
[Black "Georgiev, Nikolay Zh."]
[Result "0-1"]
[WhiteElo "1367"]
[BlackElo "1612"]
[PlyCount "74"]
[EventDate "2016.11.05"]
[EventType "swiss"]
[EventRounds "6"]
[EventCountry "BUL"]

1. e4 e5 2. Nf3 Nc6 3. Bc4 Bc5 4. O-O d6 5. Nc3 Be6 6. Bxe6 fxe6 7. Na4 Bb6 8.
Nxb6 axb6 9. c3 Nf6 10. d3 O-O 11. Ng5 Qe8 12. Qb3 d5 13. f4 h6 14. fxe5 Nxe5
15. Nf3 Nxd3 16. exd5 exd5 17. Qc2 Nxc1 18. Qxc1 Qg6 19. Qf4 Rac8 20. Nd4 Ne4
21. Nf5 Kh7 22. Qe5 Rce8 23. Qxd5 c6 24. Qd7 Nc5 25. Qc7 Rxf5 26. Rxf5 Qxf5 27.
Rf1 Qe5 28. Qxb6 Re7 29. b4 Na4 30. Qf2 Nxc3 31. Qc2+ Ne4 32. Re1 Qd4+ 33. Kh1
Kh8 34. Rf1 Nf6 35. Qf5 Qxb4 36. h3 Qe4 37. Qc8+ Kh7 0-1